000 00538nam a2200217 a 4500
999 _c4550
_d4550
001 4550
003 BD-JhCC
005 20171128171931.0
008 171128s1968 enk |||| |||| 00| 0 eng d
035 _a(BD-JhCC)4550
040 _aBD-JhCC
_dBD-JhCC
041 _aeng
082 _a304.2
_bPER 1968
100 _a Perpillou,Aime Vincent
245 _aHuman geography /
_cAime Vincent Perpillou
260 _aLondon :
_bLongmans,
_c1968.
300 _a522 p. :
_c24 cm.
650 _aHuman Georaphy
942 _2ddc
_cBK